000 00957nam0a22002891 4500
001 rc\2142112
005 20110826162454.7
035 _a(NLR Aleph) 006539279
090 _a6618960
_c6618960
100 _a20110826d1978 |||y0rusy50 ca
101 0 _arus
102 _aRU
105 _aa z |||||
200 1 _aАнтиискусство и буржуазная действительность
210 _aМосква
_cИскусство
_d1978
215 _a152 с., 10 л. ил.
_d16
606 _aМодернизм в искусстве
_2psbo
606 _aИскусство в капиталистических странах
_z20 в.
_2psbo
686 _aЮ812.283в03,0
_2rubbk
700 1 _aКуликова
_bИ. С.
_gИрина Сергеевна
801 0 _aRU
_bNLR
_gpsbo
801 1 _aRU
_bELAR
_2rusmarc
852 _aNLR
_j78-2/3828
899 _aRuMoRGB
_jБ 78-1/312
899 _aRuMoRGB
_jБ 78-1/313
942 _cBOOK
980 _aNB